000 01024nam a2200277 a 4500
999 _c12238
_d12238
001 12238
003 BD-JhCC
005 20210829135221.0
008 210829b2018 bg a|||| ||a| 000 0 ben d
020 _a9789849233886
035 _a(BD-JhCC)12238
040 _aBD-JhCC
_dBD-JhCC
041 _aBengali
082 _223
_a813.6
_bRAH 2018
100 _aরহমান, জিয়া হায়দার
245 _aইন দ্য লাইট অব হোয়াট উই নো /
_c জিয়া হায়দার রহমান, অনুঃ শিবব্রত বর্মন , সম্পাঃ মাসরুর আরেফিন ।
260 _aঢাকা:
_bপাঠক সমাবেশ;
_c২০১৮.
300 _a560 p. :
_bill;
_c22 cm.
650 _aNovel
650 _amale friendship
650 _aMissing Persions
700 _aবর্মন , শিবব্রত
700 _aআরেফিন,মাসরুর
942 _2ddc
_cBK